Farreras - Rozman. Medicina Interna. (Registro nro. 2837)

Detalles MARC
000 -LEADER
fixed length control field 01379nam a2200385 a 4500
008 - CAMPO DE CONTROL (LIBRO)
fixed length control field 181121e2016 sp ||||f |||| 001 0 spa d
020 ## - INTERNATIONAL STANDARD BOOK NUMBER
ISBN 9788490229958
041 ## - CODIGO DE IDIOMA
Código de idioma del texto/pista de sonido o título separado spa
092 ## - SIGNATURA TOPOGRAFICA DEWEY LOCAL
número de clasificación 616
libristica 24
sección FAR
100 1# - ENTRADA PRINCIPAL--NOMBRE PERSONAL
Nombre personal Rozman, Ciril
Función Dir.
9 (RLIN) 449
245 ## - TITULO PROPIAMENTE DICHO
Título Farreras - Rozman. Medicina Interna.
Subtítulo y Título paralelo T.2 /
Mención de responsabilidad y remanente de la transcripción de la portada Ciril Rozman
250 ## - MENCION DE EDICION
Mención de edición 18a ed.
260 ## - PIE DE IMPRENTA
Lugar de publicación, distribución, etc Barcelona:
Nombre de la editorial, distribuidor, etc Elsevier;
Fecha de publicación 2016.
300 ## - DESCRIPCION FISICA
Extension 1287-2663 p.
500 ## - NOTA GENERAL
Nota general Rozman, C. (Dir.) y Cardellach López, F. (Subdir.). (2016). Farreras - Rozman. Medicina Interna. T.2 (18a ed.). Barcelona : Elsevier.
590 ## - NOTAS LOCALES (RLIN)
Nota local Compra Noviembre 2018. Fac. de Medicina
653 ## - TÉRMINO INDIZADO - PALABRAS CLAVES
Palabra clave Neurologia
653 ## - TÉRMINO INDIZADO - PALABRAS CLAVES
Palabra clave Psiquiatria
653 ## - TÉRMINO INDIZADO - PALABRAS CLAVES
Palabra clave Hematologia
653 ## - TÉRMINO INDIZADO - PALABRAS CLAVES
Palabra clave Metabolismo y Nutricion
653 ## - TÉRMINO INDIZADO - PALABRAS CLAVES
Palabra clave Endocrinologia
653 ## - TÉRMINO INDIZADO - PALABRAS CLAVES
Palabra clave Enfermedades infecciosas
653 ## - TÉRMINO INDIZADO - PALABRAS CLAVES
Palabra clave Infecciones bacterianas
653 ## - TÉRMINO INDIZADO - PALABRAS CLAVES
Palabra clave Infecciones causadas por hongos
653 ## - TÉRMINO INDIZADO - PALABRAS CLAVES
Palabra clave Infecciones causadas por parásitos
653 ## - TÉRMINO INDIZADO - PALABRAS CLAVES
Palabra clave Infecciones causadas por virus
653 ## - TÉRMINO INDIZADO - PALABRAS CLAVES
Palabra clave Miscelánea
653 ## - TÉRMINO INDIZADO - PALABRAS CLAVES
Palabra clave Toxicologia
653 ## - TÉRMINO INDIZADO - PALABRAS CLAVES
Palabra clave Enfermedades causadas por agentes físicos
653 ## - TÉRMINO INDIZADO - PALABRAS CLAVES
Palabra clave Inmunologia
653 ## - TÉRMINO INDIZADO - PALABRAS CLAVES
Palabra clave Apéndice A: Tablas de referencia y valores normales de las pruebas de laboratorio más habituales.
653 ## - TÉRMINO INDIZADO - PALABRAS CLAVES
Palabra clave Apéndice B. Glosario de abreviaturas
700 1# - ENTRADAS SECUNDARIAS - NOMBRE PERSONAL
Nombre personal Cardellach López, F.
Función Subdir.
9 (RLIN) 3988
942 ## - ADDED ENTRY ELEMENTS (KOHA)
Source of classification or shelving scheme Dewey Decimal Classification
Item type Libros
Existencias
Estado de retiro Existencia Fuente de clasificación Estado general No para prestamo Colección Ubicación permanente ubicación actual Sala de ubicación Fecha de adquisición Fuente de adquisición Total Checkouts Total Renewals Número de clasificación Código de barras Date last seen Date last borrowed Número de ejemplar Price effective from Koha tipo de elemento (item) Public note
    Dewey Decimal Classification     Reference Biblioteca Medicina Biblioteca Medicina Referencia 21/11/2018 Compra Noviembre 2018. Fac. de Medicina 10 3 616 24 FAR 4360 04/03/2024 21/02/2024 Ej. 15 Vol. 2 21/11/2018 Libros Compra Noviembre 2018. Fac. de Medicina

UNIVERSIDAD NACIONAL DEL COMAHUE
Biblioteca de la Facultad de Ciencias Médicas
Sede Toschi: Los Arrayanes y Av. Toschi, Cipolletti  - Rio Negro
Sede Los Tordos:  Yrigoyen al 2211, Cipolletti - Rio Negro 

Teléfono: 0299 - 4774707 int 25
Contacto: biblioteca@facimed.uncoma.edu.ar
© 2011 - 2026